000 02050pam a2200421 i 4500
001 2015028680
003 DLC
005 20200217191623.0
008 150914s2015 txu c 000 1 eng
010 _a 2015028680
020 _a9781558858169 (pbk. : alk. paper)
020 _a1558858164 (pbk. : alk. paper)
035 _a1074935
040 _aDLC
_beng
_erda
_cDLC
_dTnLvILS
041 1 _aeng
_aspa
042 _alcac
_apcc
100 1 _aGarza, Xavier.
240 1 0 _aShort stories.
_kSelections.
245 1 3 _aLa Senora Asno se enfrenta a La Llorona y otros cuentos =
_bThe Donkey Lady fights La Llorona and other scary stories /
_cpor Xavier Garza ; traduccion al espanol de Maira E. Alvarez.
246 3 1 _aLa Senora Asno se enfrenta a La Llorona y otros cuentos.
246 3 1 _aDonkey Lady fights La Llorona and other scary stories
260 _aHouston, TX :
_bPinata Books, an imprint of Arte Publico Press,
_c[2015]
264 1 _aHouston, TX :
_bPinata Books, an imprint of Arte Publico Press,
_c[2015]
300 _a83, 83 pages ;
_c22 cm.
336 _atext
_2rdacontent.
337 _aunmediated
_2rdamedia.
338 _avolume
_2rdacarrier.
500 _aIn English and Spanish.
505 0 _aThe Donkey Lady fights La Llorona = La Senora Asno se enfrenta a La Llorona -- Holes = Hoyos -- The gift that is a curse -- The egg = El huevo -- Grandpa Tito's book = El libro del Abuelo Tito -- The Blood-Sucking Beast = El Chupacabras -- Tunnels = Tuneles -- The Devil is making him do it = El Diablo me esta haciendo hacerlo -- The money tree = El arbol de dinero -- The Devil in Mrs. Leal's Class = El Diablo en la clase de la Senora Leal -- The selfie = "El autorretrato" -- Can I keep him? = Me lo puedo quedar?
650 0 _aHorror tales, American.
650 0 _aShort stories, American.
650 1 _aHorror stories.
650 1 _aShort stories.
650 1 _aHispanic Americans
_vFiction.
650 1 _aSpanish language materials
_xBilingual.
700 1 _aAlvarez, Maira E.,
_etranslator.
942 _cBK
_2ddc
999 _c20309
_d20309